Statistics for Capitals of Countries with the Most Borders

Click here to take the quiz!

General Stats

  • This quiz has been taken 132 times
  • The average score is 14 of 20

Answer Stats

#CountryCapital% Correct
14RussiaMoscow
99%
14ChinaBeijing
98%
9GermanyBerlin
93%
10BrazilBrasilia
90%
10FranceParis
90%
9DR CongoKinshasa
83%
7IndiaNew Delhi
77%
7PolandWarsaw
71%
8TurkeyAnkara
70%
8SerbiaBelgrade
70%
7IranTehran
70%
8AustriaVienna
69%
7UkraineKiev
66%
7HungaryBudapest
65%
7Saudi ArabiaRiyadh
64%
7SudanKhartoum
53%
7MaliBamako
47%
7NigerNiamey
42%
8TanzaniaDodoma
37%
8ZambiaLusaka
36%

Score Distribution

Percentile by Number Answered

Percent of People with Each Score

Your Score History

You have not taken this quiz